<?xml version="1.0" encoding="UTF-8"?>
<collection xmlns="http://www.loc.gov/MARC21/slim">
    <record>
        <controlfield tag="001">98862</controlfield>
        <controlfield tag="005">20210211114120.0</controlfield>
        <datafield tag="037" ind1=" " ind2=" ">
            <subfield code="a">TAZ-TFG-2020-1418</subfield>
        </datafield>
        <datafield tag="041" ind1=" " ind2=" ">
            <subfield code="a">spa</subfield>
        </datafield>
        <datafield tag="100" ind1="1" ind2=" ">
            <subfield code="a">Arnau Moreno, Loreto</subfield>
        </datafield>
        <datafield tag="242" ind1="0" ind2="0">
            <subfield code="a">The international legal status of prisoners of war in contemporary practice</subfield>
        </datafield>
        <datafield tag="245" ind1="0" ind2="0">
            <subfield code="a">El estatus jurídico internacional de los prisioneros de guerra en la práctica contemporánea</subfield>
        </datafield>
        <datafield tag="260" ind1=" " ind2=" ">
            <subfield code="a">Zaragoza</subfield>
            <subfield code="b">Universidad de Zaragoza</subfield>
            <subfield code="c">2020</subfield>
        </datafield>
        <datafield tag="506" ind1=" " ind2=" ">
            <subfield code="a">by-nc-sa</subfield>
            <subfield code="b">Creative Commons</subfield>
            <subfield code="c">3.0</subfield>
            <subfield code="u">http://creativecommons.org/licenses/by-nc-sa/3.0/</subfield>
        </datafield>
        <datafield tag="520" ind1=" " ind2=" ">
            <subfield code="a">Los Convenios de Ginebra de 1949 así como los Protocolos Adicionales de 1977 son los instrumentos reguladores del Derecho Internacional Humanitario destinados a proteger a las personas que no participan en las hostilidades y a aquellas que ya no pueden seguir participando en los combates. El objeto del Trabajo de Fin de Grado (TFG) es analizar el debate que se ha desatado sobre la eficacia y la utilidad de los Convenios y los Protocolos y la respuesta que la comunidad internacional debería dar al respecto.  &lt;br />El TFG explora el estatuto jurídico del prisionero de guerra, regulado en el III Convenio de Ginebra, en el marco de tres conflictos contemporáneos de diferente naturaleza (Conflicto de las Islas Falkland/Malvinas, conflicto militar colombiano y la “Guerra contra el Terrorismo”). A través de este estudio, observaremos cómo en algunos ámbitos los Convenios son eficaces y cómo en otros, por el contrario, resultan insuficientes e inoperantes ante esta nueva realidad de los conflictos armados. &lt;br />&lt;br />&lt;br /></subfield>
        </datafield>
        <datafield tag="521" ind1=" " ind2=" ">
            <subfield code="a">Programa conjunto en ADE/DERECHO (Grados)</subfield>
        </datafield>
        <datafield tag="540" ind1=" " ind2=" ">
            <subfield code="a">Derechos regulados por licencia Creative Commons</subfield>
        </datafield>
        <datafield tag="700" ind1=" " ind2=" ">
            <subfield code="a">Gamarra Chopo, Yolanda</subfield>
            <subfield code="e">dir.</subfield>
        </datafield>
        <datafield tag="710" ind1="2" ind2=" ">
            <subfield code="a">Universidad de Zaragoza</subfield>
            <subfield code="b">Derecho Público</subfield>
            <subfield code="c">Der. Internacional Público y RR. Internacionales</subfield>
        </datafield>
        <datafield tag="856" ind1="0" ind2=" ">
            <subfield code="f">699986@unizar.es</subfield>
        </datafield>
        <datafield tag="856" ind1="4" ind2=" ">
            <subfield code="s">1008790</subfield>
            <subfield code="u">http://zaguan.unizar.es/record/98862/files/TAZ-TFG-2020-1418.pdf</subfield>
            <subfield code="y">Memoria (spa)</subfield>
        </datafield>
        <datafield tag="909" ind1="C" ind2="O">
            <subfield code="o">oai:zaguan.unizar.es:98862</subfield>
            <subfield code="p">driver</subfield>
            <subfield code="p">trabajos-fin-grado</subfield>
        </datafield>
        <datafield tag="950" ind1=" " ind2=" ">
            <subfield code="a"></subfield>
        </datafield>
        <datafield tag="951" ind1=" " ind2=" ">
            <subfield code="a">deposita:2021-02-11</subfield>
        </datafield>
        <datafield tag="980" ind1=" " ind2=" ">
            <subfield code="a">TAZ</subfield>
            <subfield code="b">TFG</subfield>
            <subfield code="c">DER</subfield>
        </datafield>
        <datafield tag="999" ind1=" " ind2=" ">
            <subfield code="a">20200619131151.CREATION_DATE</subfield>
        </datafield>
    </record>

    
</collection>